House of the Dragon All dragons - Statistics

General Stats
  • This quiz has been taken 1,896 times
  • The average score is 11 of 14
Answer Stats
Rider Answer % Correct
Daemon Targaryen Caraxes
95%
Aemond Targaryen Vhagar
94%
Rhaenyra Targaryen Syrax
93%
Aegon II Targaryen Sunfyre
89%
Helaena Targaryen Dreamfyre
84%
Rhaenys Velaryon Meleys "The red queen"
82%
Jace Velaryon Vermax
82%
Luke Velaryon Arrax
81%
Laenor Velaryon Seasmoke
81%
Viserys Targaryen Balerion "The Black Dread"
76%
Baela Targaryen Moondancer
73%
Riderless, currently dwells on the Dragonmont Silverwing
57%
Joffrey Velaryon Tyraxes
49%
Riderless, currently dwells on the Dragonmont Vermitor
20%
No matching quizzes found
Score Distribution
Percent of People with Each Score
Percentile by Number Answered
Your Score History
You have not taken this quiz